Strategic management : Creating competitive advantages
Gardado en:
| Autor Principal: | |
|---|---|
| Formato: | Libro |
| Idioma: | Undetermined |
| Publicado: |
Boston
McGraw Hill
2007
|
| Những chủ đề: | |
| Các nhãn: |
Engadir etiqueta
Sen Etiquetas, Sexa o primeiro en etiquetar este rexistro!
|
| Thư viện lưu trữ: | Trung tâm Học liệu Trường Đại học Cần Thơ |
|---|
| LEADER | 00567nam a2200205Ia 4500 | ||
|---|---|---|---|
| 001 | CTU_100277 | ||
| 008 | 210402s9999 xx 000 0 und d | ||
| 020 | |c 1450000 | ||
| 082 | |a 658.4 | ||
| 082 | |b D475 | ||
| 100 | |a Dess, Gregory G. | ||
| 245 | 0 | |a Strategic management : | |
| 245 | 0 | |b Creating competitive advantages | |
| 245 | 0 | |c Gregory G. Dess, G. T. Lumplin, Alan B. Eisner | |
| 260 | |a Boston | ||
| 260 | |b McGraw Hill | ||
| 260 | |c 2007 | ||
| 650 | |a Strategic planning | ||
| 904 | |i Hiếu | ||
| 980 | |a Trung tâm Học liệu Trường Đại học Cần Thơ | ||